[Event "EU-chT Seniors 06th"]
[Site "Dresden"]
[Date "2004.02.25"]
[Round "4.3"]
[White "Rost van Tonningen, Otto"]
[Black "Boehlig, Heinz"]
[Result "1/2-1/2"]
[WhiteElo "2219"]
[BlackElo "2253"]
[PlyCount "79"]
[EventDate "2004.02.22"]
[EventType "team-swiss"]
[EventRounds "7"]
[EventCountry "GER"]
[SourceTitle "CBM 099 Extra"]
[Source "ChessBase"]
[SourceDate "2004.05.04"]
[SourceVersion "1"]
[SourceVersionDate "2004.05.04"]
[SourceQuality "1"]
[WhiteTeam "Oranje"]
[BlackTeam "Leipzig SG"]
[WhiteTeamCountry "NED"]
[BlackTeamCountry "GER"]

1. d4 Nf6 2. c4 g6 3. Nc3 Bg7 4. e4 d6 5. Be2 0-0 6. g4 Nbd7 7. h4 e5 8. g5 Ne8 9. d5 a5 10. h5 Nc5 11. Be3 f5 12. gxf6 Nxf6 13. Bxc5 dxc5 14. hxg6 hxg6 15. Qd3 Ra6 16. 0-0-0 Ng4 17. Bxg4 Bxg4 18. f3 Bd7 19. Qe3 Qe7 20. Kb1 a4 21. Rd2 Raf6 22. Qg5 Qd6 23. Rdh2 Qa6 24. b3 axb3 25. axb3 Qa3 26. Kc2 b5 27. Rh7 bxc4 28. Qh4 Qxb3+ 29. Kd2 Qb2+ 30. Kd1 Ba4+ 31. Nxa4 Qb1+ 32. Kd2 Qd3+ 33. Ke1 Qe3+ 34. Ne2 Rxf3 35. Qe7 R3f7 36. Rxg7+ Rxg7 37. Qe6+ Rff7 38. Qe8+ Rf8 39. Qe6+ Rff7 40. Qe8+ 1/2-1/2

[Event "EU-chT Seniors 06th"]
[Site "Dresden"]
[Date "2004.02.22"]
[Round "1.3"]
[White "Boehlig, Heinz"]
[Black "Kleinwaechter, Matthias"]
[Result "1-0"]
[WhiteElo "2253"]
[BlackElo "2045"]
[PlyCount "83"]
[EventDate "2004.02.22"]
[EventType "team-swiss"]
[EventRounds "7"]
[EventCountry "GER"]
[SourceTitle "CBM 099 Extra"]
[Source "ChessBase"]
[SourceDate "2004.05.04"]
[SourceVersion "1"]
[SourceVersionDate "2004.05.04"]
[SourceQuality "1"]
[WhiteTeam "Leipzig SG"]
[BlackTeam "Koblenz Mattadore"]
[WhiteTeamCountry "GER"]
[BlackTeamCountry "GER"]

1. d4 g6 2. Nf3 Bg7 3. c4 Nf6 4. g3 0-0 5. Bg2 d6 6. Nc3 Nc6 7. 0-0 Rb8 8. h3 a6 9. e4 Nd7 10. Be3 e5 11. Rc1 exd4 12. Nxd4 Nde5 13. b3 Nxd4 14. Bxd4 Be6 15. f4 Nc6 16. Bxg7 Kxg7 17. f5 Bd7 18. f6+ Kh8 19. Qd2 Re8 20. Qh6 Rg8 21. Nd5 g5 22. e5 Rg6 23. Qh5 Qf8 24. exd6 cxd6 25. Be4 Rh6 26. Qxg5 Nd4 27. Qe3 Nc6 28. h4 Re8 29. Qf4 Nd4 30. Rce1 Re5 31. Bd3 Ne6 32. Qf2 Nc5 33. Bc2 Rhh5 34. Rxe5 dxe5 35. Qe3 e4 36. b4 Ne6 37. Qxe4 Bc6 38. Rf5 Rh6 39. Qe5 Rg6 40. Rh5 Rh6 41. Rxh6 Qxh6 42. Nf4 1-0

[Event "Oberliga Ost-A 0304"]
[Site "Germany"]
[Date "2003.11.23"]
[Round "3.6"]
[White "Boehlig, Heinz"]
[Black "Pichler, Manfred"]
[Result "1/2-1/2"]
[WhiteElo "2253"]
[BlackElo "2100"]
[PlyCount "38"]
[EventDate "2003.11.02"]
[EventType "team-tourn"]
[EventRounds "11"]
[EventCountry "GER"]
[SourceTitle "EXT 2005"]
[Source "ChessBase"]
[SourceDate "2004.11.15"]
[SourceVersion "1"]
[SourceVersionDate "2004.11.15"]
[SourceQuality "1"]
[WhiteTeam "Leipzig Lok II"]
[BlackTeam "Halle USV"]
[WhiteTeamCountry "GER"]
[BlackTeamCountry "GER"]

1. d4 d5 2. Nf3 Nf6 3. c4 e6 4. Nc3 Be7 5. cxd5 exd5 6. Bg5 Nbd7 7. e3 0-0 8. Bd3 c6 9. 0-0 Ne4 10. Bxe7 Qxe7 11. Qc2 f5 12. Rfe1 g6 13. Rab1 Ng5 14. Nxg5 Qxg5 15. Ne2 Nf6 16. b4 a6 17. a4 Qh4 18. f3 Re8 19. Ng3 Bd7 1/2-1/2

[Event "Oberliga Ost-A 0203"]
[Site "Germany"]
[Date "2003.02.23"]
[Round "8.3"]
[White "Neyman, Igor"]
[Black "Boehlig, Heinz"]
[Result "1/2-1/2"]
[WhiteElo "2217"]
[BlackElo "2236"]
[PlyCount "135"]
[EventDate "2002.10.20"]
[EventType "team-tourn"]
[EventRounds "11"]
[EventCountry "GER"]
[SourceTitle "EXT 2004"]
[Source "ChessBase"]
[SourceDate "2003.11.25"]
[SourceVersion "1"]
[SourceVersionDate "2003.11.25"]
[SourceQuality "1"]
[WhiteTeam "Magdeburg Aufbau Elbe"]
[BlackTeam "Leipzig Lok II"]
[WhiteTeamCountry "GER"]
[BlackTeamCountry "GER"]

1. d4 Nf6 2. c4 g6 3. Nc3 Bg7 4. e4 d6 5. h3 0-0 6. Be3 e5 7. d5 Nbd7 8. g4 Nc5 9. Bg2 a5 10. Nge2 c6 11. Ng3 cxd5 12. Nxd5 Nxd5 13. cxd5 b6 14. Bf3 Ba6 15. Be2 Bxe2 16. Qxe2 Qd7 17. 0-0 Rfc8 18. Rac1 Rc7 19. Rc2 Rac8 20. Rfc1 b5 21. Kg2 Bf6 22. Qd2 b4 23. Bg5 Qe7 24. Bxf6 Qxf6 25. Qe3 Rb7 26. Rc4 Re8 27. Nf1 Kg7 28. Nd2 Qf4 29. Qxf4 exf4 30. Rd4 Rbe7 31. Kf3 g5 32. Re1 Rc8 33. Ke2 Rec7 34. b3 Ra8 35. Rc1 Re7 36. f3 Ra6 37. Rcc4 Kf6 38. Rc2 Re8 39. Nc4 Nb7 40. Nb2 Nc5 41. Nd3 Nxd3 42. Kxd3 Ra7 43. Rdc4 h5 44. Rc8 Rxc8 45. Rxc8 hxg4 46. hxg4 a4 47. Kc4 axb3 48. axb3 Ra1 49. Kxb4 Ke5 50. Rg8 f6 51. Re8+ Kd4 52. Re6 Rf1 53. Rxd6 Rxf3 54. Rxf6 Kxe4 55. d6 Rd3 56. Kc4 Rd1 57. Kc5 f3 58. b4 Ke3 59. b5 f2 60. b6 Rc1+ 61. Kd5 Rd1+ 62. Ke5 Rb1 63. Rxf2 Rb5+ 64. Kf6 Kxf2 65. d7 Rxb6+ 66. Kxg5 Rd6 67. Kf5 Rxd7 68. g5 1/2-1/2